<?xml version='1.0' encoding='UTF-8'?>
  <record xmlns="http://www.loc.gov/MARC21/slim">
    <leader>00000cam a22000007i 4500</leader>
    <controlfield tag="001">ocm68297467</controlfield>
    <controlfield tag="003">OCoLC</controlfield>
    <controlfield tag="005">20250301015624.2</controlfield>
    <controlfield tag="008">971215s1595    gw            000 0 ger d</controlfield>
    <datafield tag="040" ind1=" " ind2=" ">
      <subfield code="a">NLGGC</subfield>
      <subfield code="b">dut</subfield>
      <subfield code="e">fobidrtb</subfield>
      <subfield code="c">NLGGC</subfield>
      <subfield code="d">OCLCQ</subfield>
      <subfield code="d">OCLCL</subfield>
      <subfield code="d">OCLCQ</subfield>
    </datafield>
    <datafield tag="035" ind1=" " ind2=" ">
      <subfield code="a">(OCoLC)68297467</subfield>
    </datafield>
    <datafield tag="100" ind1="1" ind2=" ">
      <subfield code="a">Coler, Jacob.</subfield>
    </datafield>
    <datafield tag="245" ind1="1" ind2="0">
      <subfield code="a">Doct. Jacobi Coleri ... Eigentlicher Bericht, von den seltzamen und zu unserer Zeit unerhörten, Wunderwercken und Geschichten ... /</subfield>
      <subfield code="c">hierbey wird auch ein sonderlich Wunderzeichen und Gesicht am Himmel gemeltet, welches M. Joachimus Wollinus, inn einem Schreiben ... gedencket.</subfield>
    </datafield>
    <datafield tag="246" ind1="3" ind2=" ">
      <subfield code="a">Eigentlicher Bericht, von den seltzamen und zu unserer Zeit unerhörten, Wunderwercken und Geschichten</subfield>
    </datafield>
    <datafield tag="260" ind1=" " ind2=" ">
      <subfield code="a">Gedruckt zu Erffordt :</subfield>
      <subfield code="b">Durch Martin Wittel,</subfield>
      <subfield code="c">1595.</subfield>
    </datafield>
    <datafield tag="300" ind1=" " ind2=" ">
      <subfield code="c">20 cm</subfield>
    </datafield>
    <datafield tag="758" ind1=" " ind2=" ">
      <subfield code="a">Doct. Jacobi Coleri ... Eigentlicher Bericht, von den seltzamen und zu unserer Zeit unerhörten, Wunderwercken und Geschichten (Text)</subfield>
      <subfield code="1">https://id.oclc.org/worldcat/entity/E39PCXYrXpTFGkyrfxCj6VvHvd</subfield>
      <subfield code="4">https://id.oclc.org/worldcat/ontology/hasWork</subfield>
    </datafield>
    <datafield tag="936" ind1=" " ind2=" ">
      <subfield code="a">BATCHLOAD</subfield>
    </datafield>
  </record>